000 00368nas a2200157 a 4500
001 34233
003 100943
005 20201118101039.0
008 ||||||n9999 ||| || ||
041 _aeng
245 0 _aTime - Vol.116 No.1-11.13-17,19-20,22,24,26
260 _aEstados Unidos :
_bTime,
_c1980.
562 _e0
773 _021966
_aTime
942 _cSISS
999 _c34233
_d34233